000 00572cam a22002053a 4500
001 35231
003 PGUSA
005 20140828083747.0
008 110210s2011||||xxu|||||s|||||000 | eng d
040 _aPGUSA
_beng
042 _adc
100 1 _aReed, Helen Leah,
_d1860-1926
245 1 0 _aSerbia :
_bA Sketch
_h[electronic resource] /
_cHelen Leah Reed
260 _bProject Gutenberg,
_c2011
506 _aPublic domain in the USA.
516 _aElectronic text
830 0 _aProject Gutenberg
_v35231
856 4 0 _uhttp://www.gutenberg.org/ebooks/35231
942 _cEB
999 _c264486
_d264486